Blue 🔵 logo quiz - Statistics

General Stats
  • This quiz has been taken 650 times
  • The average score is 7 of 12
Answer Stats
Picture Answer % Correct
Oréo
99%
Facebook
70%
Skype
70%
Volkswagen
69%
Ford
64%
Nivéa
64%
Dell
61%
Hewlett-Packard
60%
IBM
55%
Visa
49%
Decathlon
25%
Allianz
22%
No matching quizzes found
Score Distribution
Percent of People with Each Score
Percentile by Number Answered
Your Score History
You have not taken this quiz